Southville International School and Colleges
Your cart is empty.
  • Cart
  • Lists
    Public lists Eva Luna New books Lux_list list_1
    Your lists Log in to create your own lists
  • Log in to your account
  • Your cookies
  • Search history
Southville International School and Colleges
  • Advanced search
  • Recent comments
  • Most popular
  • Libraries

Log in to your account

Log in with GOOGLE


If you do not have an external account, but do have a local account, you can still log in:

  1. Home
  2. MARC view: Interviewing and diagnostic exercises for clinical and counseling skills building /
Normal view MARC view ISBD view

Interviewing and diagnostic exercises for clinical and counseling skills building / (Record no. 305272)

[ view plain ]
MARC details
000 -LEADER
fixed length control field 01313cam a22003254a 4500
001 - CONTROL NUMBER
control field 13634962
003 - CONTROL NUMBER IDENTIFIER
control field SISC
005 - DATE AND TIME OF LATEST TRANSACTION
control field 20161115161239.0
008 - FIXED-LENGTH DATA ELEMENTS--GENERAL INFORMATION
fixed length control field 040624s2005 nju b 001 0 eng
010 ## - LIBRARY OF CONGRESS CONTROL NUMBER
LC control number 2004055152
020 ## - INTERNATIONAL STANDARD BOOK NUMBER
International Standard Book Number 0805846409 (pbk. : alk. paper)
040 ## - CATALOGING SOURCE
Original cataloging agency DLC
Transcribing agency DLC
Modifying agency DLC
042 ## - AUTHENTICATION CODE
Authentication code pcc
050 00 - LIBRARY OF CONGRESS CALL NUMBER
Classification number RC 466
Item number .B47 2005
082 00 - DEWEY DECIMAL CLASSIFICATION NUMBER
Classification number 616.89/14/076
100 1# - MAIN ENTRY--PERSONAL NAME
Personal name Berman, Pearl,
Dates associated with a name 1955-
245 10 - TITLE STATEMENT
Title Interviewing and diagnostic exercises for clinical and counseling skills building /
Statement of responsibility, etc Pearl S. Berman, with Susan Shopland.
260 ## - PUBLICATION, DISTRIBUTION, ETC. (IMPRINT)
Place of publication, distribution, etc Mahwah, N.J. :
Name of publisher, distributor, etc L. Erlbaum Associates,
Date of publication, distribution, etc 2005.
300 ## - PHYSICAL DESCRIPTION
Extent xxvi, 283 pages ;
Dimensions 29 cm.
500 ## - GENERAL NOTE
General note Includes bibliographical references and index.
650 #0 - SUBJECT ADDED ENTRY--TOPICAL TERM
Topical term or geographic name as entry element Mental health counseling
Form subdivision Problems, exercises, etc.
650 #0 - SUBJECT ADDED ENTRY--TOPICAL TERM
Topical term or geographic name as entry element Psychotherapy
Form subdivision Problems, exercises, etc.
650 #0 - SUBJECT ADDED ENTRY--TOPICAL TERM
Topical term or geographic name as entry element Clinical competence.
700 1# - ADDED ENTRY--PERSONAL NAME
Personal name Shopland, Susan.
856 42 - ELECTRONIC LOCATION AND ACCESS
Materials specified Publisher description
Uniform Resource Identifier <a href="http://www.loc.gov/catdir/enhancements/fy0644/2004055152-d.html">http://www.loc.gov/catdir/enhancements/fy0644/2004055152-d.html</a>
856 41 - ELECTRONIC LOCATION AND ACCESS
Materials specified Table of contents only
Uniform Resource Identifier <a href="http://www.loc.gov/catdir/enhancements/fy0644/2004055152-t.html">http://www.loc.gov/catdir/enhancements/fy0644/2004055152-t.html</a>
906 ## - LOCAL DATA ELEMENT F, LDF (RLIN)
a 7
b cbc
c orignew
d 1
e ocip
f 20
g y-gencatlg
942 ## - ADDED ENTRY ELEMENTS (KOHA)
Source of classification or shelving scheme Library of Congress Classification
Koha item type Books
Holdings
Withdrawn status Lost status Source of classification or shelving scheme Damaged status Home library Current library Shelving location Date acquired Source of acquisition Sub Shelving location Total Checkouts Full call number Barcode Date last seen Price effective from Koha item type
    Library of Congress Classification   College Library College Library Graduate Section 11/15/2016 Library Fund     RC 466 .B47 2005 C20781 05/15/2018 11/15/2016 Books

Interviewing and diagnostic exercises for clinical and counseling skills building /

APA

Berman P., Shopland S., . (2005). Interviewing and diagnostic exercises for clinical and counseling skills building. Mahwah, N.J: L. Erlbaum Associates.

Chicago

Berman Pearl, Shopland Susan, . 2005. Interviewing and diagnostic exercises for clinical and counseling skills building. Mahwah, N.J: L. Erlbaum Associates.

Harvard

Berman P., Shopland S., . (2005). Interviewing and diagnostic exercises for clinical and counseling skills building. Mahwah, N.J: L. Erlbaum Associates.

MLA

Berman Pearl, Shopland Susan, . Interviewing and diagnostic exercises for clinical and counseling skills building. Mahwah, N.J: L. Erlbaum Associates. 2005.

  • Place hold
  • Print
  • Cite
  • Add to your cart (remove)
  • Save record
    BIBTEX Dublin Core MARCXML MARC (non-Unicode/MARC-8) MARC (Unicode/UTF-8) MARC (Unicode/UTF-8, Standard) MODS (XML) RIS
  • More searches
    Search for this title in:
    Other Libraries (WorldCat) Other Databases (Google Scholar) Online Stores (Bookfinder.com) Open Library (openlibrary.org)

Exporting to Dublin Core...

SOUTHVILLE LIBRARY

Southville International School and Colleges Library

1281 Tropical Ave. Cor. Luxembourg St., BF Homes International, Las Pinas City

Tel. No. 8256374 / 252358 Loc. 117/146

Powered by Koha